3402-広島高速交通の駅 - Statistics

General Stats
  • This quiz has been taken 94 times
  • The average score is 15 of 22
Answer Stats
本線 % Correct
新白島
95%
本通
92%
広域公園前
92%
県庁前
85%
大町
84%
82%
白島
80%
伴中央
79%
城北
75%
大塚
67%
牛田
66%
中筋
66%
祇園新橋北
62%
毘沙門台
62%
安東
59%
長楽寺
59%
西原
57%
古市
56%
高取
54%
不動院前
52%
上安
52%
大原
51%
No matching quizzes found
Score Distribution
Percent of People with Each Score
Percentile by Number Answered
Your Score History
You have not taken this quiz